Catálogo
 En Linea

Rubén Darío y sus amigos dominicanos / (Registro nro. 8485)

Detalles MARC
000 -CABECERA
campo de control de longitud fija 00639nam a2200193 a 4500
001 - NÚMERO DE CONTROL
campo de control 000008715
005 - FECHA Y HORA DE LA ÚLTIMA TRANSACCIÓN
campo de control 20240305073652.0
008 - DATOS DE LONGITUD FIJA--INFORMACIÓN GENERAL
campo de control de longitud fija 090918s1948 ck 001 0 spa d
040 ## - FUENTE DE LA CATALOGACIÓN
Centro catalogador/agencia de origen DO-SdBNP
082 ## - NÚMERO DE LA CLASIFICACIÓN DECIMAL DEWEY
Número de clasificación xxx
Número de documento/Ítem R696r
049 ## - FONDOS LOCALES (OCLC)
Fondos de biblioteca BNPD
100 1# - ENTRADA PRINCIPAL--NOMBRE DE PERSONA
Nombre de persona Rodríguez Demorizi, Emilio,
Fechas asociadas al nombre 1908-1986
9 (RLIN) 1039
245 10 - MENCIÓN DE TÍTULO
Título Rubén Darío y sus amigos dominicanos /
Mención de responsabilidad, etc. Emilio Rodríguez Demorizi.
260 ## - PUBLICACIÓN, DISTRIBUCIÓN, ETC.
Lugar de publicación, distribución, etc. Bogotá :
Nombre del editor, distribuidor, etc. Ediciones Espiral Colombia,
Fecha de publicación, distribución, etc. 1948.
300 ## - DESCRIPCIÓN FÍSICA
Extensión 284 p. ;
Dimensiones 27 cm.
500 ## - NOTA GENERAL
Nota general Incluye índice
500 ## - NOTA GENERAL
Nota general Incluye notas al pie de las páginas
500 ## - NOTA GENERAL
Nota general Incluye datos biográficos del autor en la solapa de la cubierta
Existencias
Estado de retiro Estado de pérdida Restricciones de uso No para préstamo Código de colección Localización permanente Ubicación/localización actual Ubicación en estantería Fecha de adquisición Número de inventario Total de préstamos Signatura topográfica completa Código de barras Fecha visto por última vez Número de copia Precio válido a partir de Tipo de ítem Koha Nota pública
        Raros y valiosos General General En catalogación 29.07.2010 LF1   xxx R696r 8715-30 25.06.2020 e. 3 25.06.2020 Préstamo en sala  
        Raros y valiosos General General En catalogación 19.04.2011 LF1   xxx R696r 8715-40 25.06.2020 e. 4 25.06.2020 Préstamo en sala  
        Raros y valiosos General General En catalogación 19.04.2011 LF1   xxx R696r 8715-50 25.06.2020 e. 5 25.06.2020 Préstamo en sala  
        Raros y valiosos General General En catalogación 14.06.2011 LF1   xxx R696r 8715-60 25.06.2020 e. 6 25.06.2020 Préstamo en sala  
        Raros y valiosos General General En catalogación 13.06.2011 LF1   xxx R696r 8715-70 25.06.2020 e. 7 25.06.2020 Préstamo en sala  
      Excluido de préstamo Monografías: Libros y Folletos Patrimonio Dominicano Patrimonio Dominicano En catalogación 22.07.2010 LF1   xxx R696r 8715-20 25.06.2020 e. 2 25.06.2020 No se presta Dedicado
        Raros y valiosos Patrimonio Dominicano Patrimonio Dominicano Depósito 18.09.2009 LF1   xxx R696r 8715-10 25.06.2020   25.06.2020 Préstamo en sala Perteneció a la biblioteca personal de Martínez Boog.

Con tecnología Koha